Strategické rozhodovanie v podmienkach neistoty pri posudzovaní environmentálnych investícií

Enregistré dans:
Détails bibliographiques
Auteur principal: Štofová, Lenka, 1989-
Autres auteurs: Szaryszová, Petra, 1984-
Format: Chapitre de livre
Langue:slovaque
Sujets:
Tags: Ajouter un tag
Pas de tags, Soyez le premier à ajouter un tag!

MARC

LEADER 00000nla a2200000 4500
001 0233409
005 20240502073806.6
041 0 |a slo 
044 |a SK 
245 1 0 |a Strategické rozhodovanie v podmienkach neistoty pri posudzovaní environmentálnych investícií  |c Lenka Štofová, Petra Szaryszová 
500 |a Abstrakt 
610 2 0 |a rozhodovanie strategické 
610 2 0 |a rozhodovanie za neurčitosti 
610 2 0 |a environmentalistika 
610 2 0 |a modely 
610 2 0 |a meranie 
610 2 0 |a efektívnosť investícií 
100 1 |a Štofová, Lenka, 1989- 
700 1 |a Szaryszová, Petra, 1984-